00361 a2200145 4500003000400000005001700004008004100021020001800062040000900080082002000089100001600109245004200125250001200167260003600179OSt20210804131440.0210804b ||||| |||| 00| 0 eng d a9788193043707 coclc a541.2242bKUM/C aKumar, Ajai aCo-ordination Chemistry /cAjai Kumar a7th ed. aU P:bAaryush Education,c2021.